000
00270nam a2200109 4500
082
_a
MAH
100
_a
Mahar, Abdul Haq
245
_a
Educational philosophy of the Holy Quran
260
_a
Lahore:
_b
Institute of Islamic Culture,
_c
1990.
300
_a
330p. ;
942
_c
BK
999
_c
10027
_d
10027